Bytová politika v kontexte politiky zamestnanosti v Slovenskej republike

Výstavba bytov v Slovenskej republike. Vývoj priemerných cien nehnuteľností v SR. Ponuka bývania a pracovné príležitosti.

Na minha lista:
Detalhes bibliográficos
Autor principal: Vidová, Jarmila, 1967-
Formato: Capítulo de Livro
Idioma:eslovaco
Assuntos:
Tags: Adicionar Tag
Sem tags, seja o primeiro a adicionar uma tag!

MARC

LEADER 00000nla a2200000 4500
001 0241213
005 20240502103155.8
041 0 |a slo 
044 |a SK 
245 1 0 |a Bytová politika v kontexte politiky zamestnanosti v Slovenskej republike  |c Jarmila Vidová 
520 |a Výstavba bytov v Slovenskej republike. Vývoj priemerných cien nehnuteľností v SR. Ponuka bývania a pracovné príležitosti. 
610 2 0 |a Slovensko 
610 2 0 |a politika bytová 
610 2 0 |a politika zamestnanosti 
610 2 0 |a výstavba bytová 
100 1 |a Vidová, Jarmila, 1967-